000 00756nam a2200181 a 4500
001 000029464
005 20200930055553.0
008 110415s1995 dr d 000 0 spa d
040 _aDO-SdBNP
_bspa
_cBNPHU
082 _axxx
_bC3978i
110 2 _aCentro Nacional de Investigaciones en Salud Materno Infantil
_955757
245 1 0 _aInvestigación de tuberculosis en un centro de tamizaje para el VIH :
_bUna propuesta para reducir la diseminación de la Tuberculosis en países en vías de desarrollo /
_ceditor Marcos Espinal.
260 _aSanto Domingo :
_bCENISMI,
_c1995.
300 _a19 p. :
_bdiagramas ;
_c28 cm.
490 1 _aPublicaciones Técnicas
_vv. 4
700 1 _aEspinal, Marcos,
_eed.
_955763
830 0 _aPublicaciones Técnicas
_vv. 4
_956334
999 _c28956
_d28956